00928nam a2200265 i 4500003000900000005001700009007000300026008004100029040003000070082001900100100003300119242000800152245010000160264004400260300002700304336002700331337003400358338002800392500010100420504002900521650001600550650003800566650002300604700003500627DO-SdBNP20260116073831.0ta250220s1977 dr 000 0 spa d aDO-SdBNPbspacBNPHUerda 4axxxxbH6852221 aHochman, Elenaeautora4aut. a 10aPara hacer la tesis :bnotas sobre investigación documental /cElena Hochman, Maritza Montero 1aSanto Domingo :bEditora Cosmos,c1977. a84 páginas ;c19 cm. atextobtxt2rdacontent asin mediación bn2rdamedia avolumenbnc2rdacarrier aUnidad de Metodología de la Investigación Social, Escuela de Sociología y Antropología.  aBibliografía p: 79-85. 0aAutoestima  7aAutorrealización (Psicología) 7aConducta (Ética)1 aMontero, Maritzaeautora4aut.